000 00325nam a2200133Ia 4500
005 20260328104308.0
008 260328s9999||||xx |||||||||||||| ||und||
100 _aKombol, Meaghan
245 0 _aLandscape Architecture /
_cMeaghan Kombol
260 _bPhaidon
300 _a318 p.
650 _aESPACIO PUBLICO
942 _cBK
999 _c10838
_d10838